000 01499nam a2200265Ia 4500
003 PE SENCICO BE
005 20251020182438.0
008 200515s9999 xx 000 0 und d
020 _a978-968-24-7473-6
040 _aPE SENCICO BE
_cPE SENCICO BE
041 _aspa
082 _a516
_bB57 2011
100 1 _aBlackwell, William
_93201
_eautor
245 1 0 _aLa geometría en la arquitectura /
_cWilliam Blackwell
250 _a2a ed.
260 _aMéxico, D.F. :
_bTrillas ;
_c2006 (Reimp. 2011)
300 _a197 páginas :
_bilustraciones, gráficos ;
_c27 cm.
505 0 _aPolígonos regulares -- El triángulo equilátero y el hexágono -- El cuadrado, el octágono y la progresión de los cuartos -- El pentágono y el decágono -- El triángulo 3-4-5 y otros triángulos rectángulos -- Los rectángulos -- El diamante y la diagonal -- El círculo, el semicírculo y otras curvas -- El área de superficie y contención volumétrica -- Prirmas y antiprismas -- Las pirámides y conos -- Los sólidos clásicos -- Cúpulas, esferas y hemisferios
520 3 _aLa geometría en el espacio tridimensional que se forma dentro de los objetos construidos, es el tema central de este libro. Comienza con un resumen de los principios básicos de la geometría y continúa con nuevos conceptos y observaciones de interés.
650 1 0 _aGeometría
_921
650 2 0 _aArquitectura
_949
650 2 0 _aPolígonos
_93141
650 2 0 _aGeometría en la arquitectura
_9447
942 _cLIB
_2ddc
999 _c455
_d455